Culture générale par lettre - P. - Statistiques

Statistiques générales
  • Ce quiz a été pris 5 032 fois
  • Le résultat moyen est 13 sur 15
Statistiques - réponses
Questions Réponses % Correct
Nom du président Russe. Vladimir Poutine
98%
Artiste ayant peint le célèbre "Guernica". Pablo Picasso
96%
Métier du héros de jeu vidéo Mario. Plombier
95%
Ce fruit à comme variété la "Royale Gala", la "Golden" ou la "Granny Smith". Pomme
95%
Sport pratiqué par un pongiste. Ping-pong
93%
Célèbre monument parisien ou sont par exemple inhumés Voltaire, Marie Curie ou Simone Veil. Panthéon
89%
Petite boule jaune de jeux vidéo, poursuivie par des fantômes. Pac-Man
88%
Il peut être Rock, Art ou Corn. Pop
87%
Saga cinématographique mettant en scène le capitaine "Jack Sparrow". Pirates des Caraibes
85%
Segment osseux articulé dont est constitué le doigt ou l'orteil. Elles sont au nombre de 3 pour les doigts dits longs et de 2 pour le pouce et le gros orteil. Phalanges
84%
Indienne, héroïne d'un Disney en 1995. Pocahontas
84%
Capitale de la République Tchèque. Prague
83%
Parfois appelés fourmiliers écailleux, ce mammifère est soupçonné début 2020 d'être un des transmetteurs du virus Sras-CoV-2. Pangolin
81%
Le nom de ce pays est aussi celui de sa capitale. Panama
58%
Footballeur Français ayant évolué comme attaquant, il gagne le ballon d'or en 1991. Jean-Pierre Papin
43%
Aucun quiz correspondant
Distribution des résultats
% des personnes avec chaque résultat
Percentile par nombre de réponses
Votre historique - résultats
Vous n’avez pas pris ce quiz